Central Library OPAC University of Rajshahi

সাইটোলজি / (Record no. 68445)

MARC details
000 -LEADER
fixed length control field 00927nam a2200241 a 4500
001 - CONTROL NUMBER
control field 68445
003 - CONTROL NUMBER IDENTIFIER
rucl marc code BD-RjUL
005 - DATE AND TIME OF LATEST TRANSACTION
control field 20211209081756.0
008 - FIXED-LENGTH DATA ELEMENTS--GENERAL INFORMATION
fixed length control field 190415s2003 ii a b 001 0 ben d
035 ## - SYSTEM CONTROL NUMBER
System control number (BD-RjUL)68655
040 ## - CATALOGING SOURCE
Original cataloging agency BD-RjUL
Transcribing agency BD-RjUL
Language of cataloging eng
041 ## - LANGUAGE CODE
Language code of text/sound track or separate title eng
082 ## - DEWEY DECIMAL CLASSIFICATION NUMBER
Classification number 571.6
Edition number 23
Author mark and year GUS 2003
100 ## - MAIN ENTRY--PERSONAL NAME
Personal name গুহ, সুহিতা
9 (RLIN) 230551
245 ## - TITLE STATEMENT
Title সাইটোলজি /
Statement of responsibility, etc. সুহিতা গুহ
250 ## - EDITION STATEMENT
Edition statement ৩য় সং.
260 ## - PUBLICATION, DISTRIBUTION, ETC. (IMPRINT)
Place of publication, distribution, etc. কলকাতা :
Name of publisher, distributor, etc. পশ্চিমবঙ্গ রাজ্য পুস্তক পর্ষৎ,
Date of publication, distribution, etc. ২০০৩
300 ## - PHYSICAL DESCRIPTION
Pagination ৬১৯ পৃ. :
Illustrations চিত্র ;
Size ২২ সেমি.
504 ## - BIBLIOGRAPHY, ETC. NOTE
Bibliography, etc গ্রন্থপঞ্জি ও নির্ঘণ্ট সংযুক্ত
650 ## - SUBJECT ADDED ENTRY--TOPICAL TERM
Topical term or geographic name as entry element Cytology
9 (RLIN) 230552
Topical term or geographic name as entry element জীবকোষ-সংক্রান্ত বিদ্যা
9 (RLIN) 230553
942 ## - ADDED ENTRY ELEMENTS (KOHA)
Source of classification or shelving scheme Dewey Decimal Classification
Koha item type Books
Holdings
Lost status Source of classification or shelving scheme Damaged status Not for loan Permanent Location Current Location Shelving location Date acquired Source of acquisition Cost, normal purchase price Total Checkouts Full call number Date last seen Copy number Koha item type
  Dewey Decimal Classification   Not For Loan Central Library, University of Rajshahi Central Library, University of Rajshahi Reading Room 07/08/1982 Author 150.00   B 571.6 GUS 2003 15/04/2019 C-1 Books